000 03786cam a22012614i 4500
003 PE-LiUPU
005 20250813185438.0
008 150623s2002 sp r 000 0 spa d
020 _a8480887389
020 _a9788480887380
035 _a(Sirsi) i9788480887380
035 _a(Sirsi) i9788480887380
040 _aPE-LiUPU
_bspa
_cPE-LiUPU
_erda
049 _aPRUA
082 0 4 _a302.22
_bM66
_221
100 1 _aMitchell, Mary,
_d1949-,
_eautor.
245 1 0 _aQué dice antes de decir hola :
_bcómo causar una magnífica impresión en cualquier situación /
_cMary Mitchell, con John Corr.
264 1 _aBarcelona :
_bGestión 2000,
_c2002.
300 _a178 páginas ;
_c23 centímetros
336 _atext
_2rdacontent
337 _aunmediated
_2rdamedia
338 _avolume
_2rdacarrier
505 0 _aLas primeras impresiones -- Estilos de comunicación -- Estrategias de presentación probadas y demostradas -- Prendas de vestir accesorios -- El aseo personal -- Las entrevistas de trabajo -- La reunión de trabajo -- Tácticas de oficina -- La importancia de los que hablan en público -- Correspondencia -- Etiqueta electrónica -- Cumplidos, críticas y conflicto -- Comidas de trabajo -- Un menú de diversidad -- Un mundo de diversidad -- Los discapacitados en el lugar de trabajo.
526 _aP202
526 _aP201
526 _aP163
526 _aP162
526 _aP161
526 _aP160
526 _aP148
526 _aP147
526 _aP146
526 _aP145
526 _aP144
526 _aP143
526 _aP142
526 _aP141
526 _aP140
526 _aP139
526 _aP138
526 _aP137
526 _aP136
526 _aP135
526 _aP134
526 _aP133
526 _aP129
526 _aP128
526 _aP127
526 _aP120
526 _aP119
526 _aP118
526 _aP116
526 _aP115
526 _aP114
526 _aP110
526 _aP109
526 _aP108
526 _aP104
526 _aP103
526 _aP102
526 _aP99
526 _aP98
526 _aP97
526 _aP96
526 _aP95
526 _aP93
526 _aP90
526 _aP89
526 _aP88
526 _aP83
526 _aP82
526 _aP62
526 _aP59
526 _aP58
526 _aP57
526 _aP51
526 _aP49
526 _aP48
526 _aP47
526 _aP29
526 _aP24
526 _aP20
526 _aP19
526 _aP17
526 _aP15
526 _aP14
526 _aP12
526 _aP10
526 _aP09
526 _aP08
526 _aP07
526 _aP06
526 _aP05
526 _aP04
526 _aP01
650 0 4 _aComunicación interpersonal.
_93021
650 0 4 _aRelaciones humanas en el trabajo.
700 1 _aCorr, John,
_eautor.
942 _2ddc
_cBOOK
949 _a302.22 M66
_wDEWEY
_c1
_i50537
_lCCODEBUL1
_mBUL
_r0
_sY
_tBOOK
_u2015-6-24
_xFCE
_zUNKNOWN
_0COMPRA
_o.STAFF. Colección Ciencias Humanas y Educación
949 _a302.22 M66
_wDEWEY
_c2
_i50607
_d2015-8-25
_e2015-8-23
_lCCODEBUL1
_lCCODEBUL1
_mBUL
_n1
_r0
_sY
_tBOOK
_u2015-6-24
_xEDUCACION
_zUNKNOWN
_0COMPRA
_o.STAFF. Colección Ciencias Humanas y Educación
994 _aC0
_bPEPRU
596 _a1
999 _a302.22 M66
_wDEWEY
_c32404
_i50537
_lLOST
_mBUL
_r1
_sY
_tBOOK
_u2015-6-24
_xFCE
_zUNKNOWN
_0COMPRA
_o.STAFF. Colección General
_d32404
999 _a302.22 M66
_wDEWEY
_c2
_i50607
_d2018-8-6
_e2017-10-17
_f2021-11-8
_g6
_lCCODEBUL1
_mBUL
_n2
_p33.00
_q1
_r0
_sY
_tBOOK
_u2015-6-24
_xEDUCACION
_zUNKNOWN
_0COMPRA
_o.STAFF. Colección Ciencias Humanas y Educación
980 _81
_gALBERTO SANCHEZ Responsable de Automatización